赚钱跟吃饭一样容易 (Record no. 47576)

000 -LEADER
fixed length control field 00529nam a22001937a 4500
003 - CONTROL NUMBER IDENTIFIER
control field MPLRDC
005 - DATE AND TIME OF LATEST TRANSACTION
control field 20220104144225.0
008 - FIXED-LENGTH DATA ELEMENTS--GENERAL INFORMATION
fixed length control field 210129b ||||| |||| 00| 0 eng d
020 ## - INTERNATIONAL STANDARD BOOK NUMBER
International Standard Book Number 978-957-13-5188-9
082 ## - DEWEY DECIMAL CLASSIFICATION NUMBER
Classification number 563 HAN
100 ## - MAIN ENTRY--PERSONAL NAME
Personal name MARK VICTOR HANSE, ROBERT G. ALLEN
245 ## - TITLE STATEMENT
Title 赚钱跟吃饭一样容易
Statement of responsibility, etc. 但汉敏 译
250 ## - EDITION STATEMENT
Edition statement 初版
260 ## - PUBLICATION, DISTRIBUTION, ETC.
Place of publication, distribution, etc. 台湾
Name of publisher, distributor, etc. 时报文化出版企业股份有限公司
Date of publication, distribution, etc. 2010
300 ## - PHYSICAL DESCRIPTION
Other physical details 381
490 ## - SERIES STATEMENT
Series statement UP战书: 149
650 ## - SUBJECT ADDED ENTRY--TOPICAL TERM
Topical term or geographic name entry element 个人理财
942 ## - ADDED ENTRY ELEMENTS (KOHA)
Koha item type Book
-- 563 HAN
Holdings
Withdrawn status Lost status Source of classification or shelving scheme Damaged status Not for loan Collection code Home library Current library Shelving location Date acquired Cost, normal purchase price Total Checkouts Total Renewals Full call number Barcode Date last seen Date last checked out Price effective from Koha item type Public note
            Malaysian Public Library, Research and Development Centre Malaysian Public Library, Research and Development Centre   10/12/2007 51.50   1 563 HAN 00047736 18/03/2021 18/10/2014 18/03/2021 Book mplrdc

© 2022. Malaysian Public Library, Research and Development Centre. All Right ReservedE-mailmplrdc@help.edu.my 

Powered by Koha